| 000 -CABECERA |
| Longitud fija campo de control |
00589nam a22001937a 4500 |
| 003 - IDENTIFICADOR DEL NÚMERO DE CONTROL |
| Identificador del número de control |
OSt |
| 005 - FECHA Y HORA DE LA ÚLTIMA TRANSACCIÓN |
| Fecha y hora de la última transacción |
20130517101546.0 |
| 008 - CÓDIGOS DE INFORMACIÓN DE LONGITUD FIJA |
| Códigos de información de longitud fija |
130517s1999 sp ||||| |||| 00| 0 spa d |
| 020 ## - NÚMERO INTERNACIONAL NORMALIZADO PARA LIBROS |
| Número Internacional Normalizado para Libros (ISBN) |
8481829645 |
| 040 ## - FUENTE DE LA CATALOGACIÓN |
| Centro transcriptor |
CDMR |
| 100 1# - PUNTO DE ACCESO PRINCIPAL-NOMBRE DE PERSONA |
| 9 (RLIN) |
3453 |
| Nombre de persona |
Pasolini, Pier Paolo |
| Fechas asociadas al nombre |
1922-1975 |
| 245 14 - MENCIÓN DE TÍTULO |
| Título |
Las películas de los otros |
| Mención de responsabilidad, etc. |
Pier Paolo Pasolini |
| 260 ## - PUBLICACIÓN, DISTRIBUCIÓN, ETC. (PIE DE IMPRENTA) |
| Lugar de publicación, distribución, etc. |
Barcelona |
| Nombre del editor, distribuidor, etc. |
Prensa Ibérica |
| Fecha de publicación, distribución, etc. |
1999 |
| 300 ## - DESCRIPCIÓN FÍSICA |
| Extensión |
231 p. |
| 490 0# - MENCIÓN DE SERIE |
| Mención de serie |
Clásicos de la Prensa |
| Designación de volumen o secuencia |
6 |
| 600 1# - PUNTO DE ACCESO ADICIONAL DE MATERIA - NOMBRE DE PERSONA |
| 9 (RLIN) |
3453 |
| Nombre de persona |
Pasolini, Pier Paolo |
| Fechas asociadas al nombre |
1922-1975 |
| Subdivisión de forma (R ) |
Recull d'escrits |
| 650 04 - PUNTO DE ACCESO ADICIONAL DE MATERIA - TÉRMINO DE MATERIA |
| 9 (RLIN) |
3454 |
| Término de materia o nombre geográfico como elemento inicial |
Cinematrografia |
| Subdivisión de forma |
Història i crítica |
| 942 ## - ENTRADA DE ELEMENTOS AGREGADOS (KOHA) |
| Fuente de clasificaión o esquema |
|
| Koha [por defecto] tipo de item |
Monografies |